Foyle's war. Set 3, Disc 1 The French drop ... Read More
Available copies
- 1 of 1 copy available at LARL/NWRL Consortium.
Current holds
0 current holds with 1 total copy.
Show Only Available Copies
| Location | Call Number / Copy Notes | Barcode | Shelving Location | Status | Due Date |
|---|---|---|---|---|---|
| Thief River Falls Public Library | DVD FOY (Text) | 35500004089320 | Main | Available | - |
Record details
- ISBN: 1569387818 (set)
- ISBN: 9781569387818 (set)
- Physical Description: 1 videodisc (ca. 100 min.) : sd., col. ; 4 3/4 in.
- Edition: Complete UK broadcast ed.
- Publisher: Silver Spring, MD : Distributed by Acorn Media, 2005
Content descriptions
| General Note: | Title from container. Originally broadcast on PBS television in 2004. Special features: Behind the scenes documentary with interviews and exclusive "making-of" footage; ... Read More |
| Participant or Performer Note: | Michael Kitchen, Anthony Howell, Honeysuckle ... Read More |
| Summary, etc.: | Still trying to get closer to the war effort, ... Read More |
| Target Audience Note: | MPAA rating: Not rated. |
| System Details Note: | DVD, widescreen (16:9) presentation; Dolby Digital ... Read More |
| Language Note: | Closed-captioned. |
Search for related items by subject
| Subject: | World War, 1939-1945 > Drama. Detectives > England > Drama. |
| Genre: | DVDs. Detective and mystery television programs. Video recordings for the hearing impaired. |
Search for related items by series
| LDR | 02631cgm a2200541Ka 4500 | ||
|---|---|---|---|
| 001 | 84927 | ||
| 003 | LARL_NWRL_CONSORTIUM | ||
| 005 | 20071011113314.0 | ||
| 007 | vd cvaizs | ||
| 008 | 051005s2005 mdu100 vleng d | ||
| 020 | . | ‡a1569387818 (set) | |
| 020 | . | ‡a9781569387818 (set) | |
| 024 | 1 | . | ‡a054961781890 ‡cset |
| 028 | 4 | 2. | ‡aAMP-7818 ‡bAcorn Media (set) |
| 035 | . | ‡a(OCoLC)61843637 | |
| 082 | 0 | 4. | ‡a791.45/75 ‡222 |
| 245 | 0 | 0. | ‡aFoyle's war. ‡nSet 3, Disc 1 ‡pThe French drop ‡h[DVD/videorecording] / ‡cGreenlit Productions, Ltd. ; produced by Keith Thompson ; written and created by Anthony Horowitz ; directed by Gavin Millar. |
| 246 | 3 | 0. | ‡aFrench drop |
| 250 | . | ‡aComplete UK broadcast ed. | |
| 260 | . | ‡aSilver Spring, MD : ‡bDistributed by Acorn Media, ‡c2005 | |
| 300 | . | ‡a1 videodisc (ca. 100 min.) : ‡bsd., col. ; ‡c4 3/4 in. | |
| 490 | 0 | . | ‡aFoyle's war |
| 538 | . | ‡aDVD, widescreen (16:9) presentation; Dolby Digital stereo. | |
| 546 | . | ‡aClosed-captioned. | |
| 500 | . | ‡aTitle from container. | |
| 511 | 1 | . | ‡aMichael Kitchen, Anthony Howell, Honeysuckle Weeks, Ellie Haddington, Ronald Pickup. |
| 500 | . | ‡aOriginally broadcast on PBS television in 2004. | |
| 521 | 8 | . | ‡aMPAA rating: Not rated. |
| 520 | . | ‡aStill trying to get closer to the war effort, Foyle asks his well-connected brother-in-law to help him get a job with a naval command center. Meanwhile, a local murder investigation puts him in a dangerous bind between rival spy agencies. | |
| 500 | . | ‡aSpecial features: Behind the scenes documentary with interviews and exclusive "making-of" footage; production notes; historical background; cast reflections and cast filmographies. | |
| 650 | 0. | ‡aWorld War, 1939-1945 ‡vDrama. ‡0(LARL_NWRL_CONSORTIUM)36330 | |
| 650 | 0. | ‡aDetectives ‡zEngland ‡vDrama. | |
| 655 | 0. | ‡aDVDs. | |
| 655 | 0. | ‡aDetective and mystery television programs. ‡0(LARL_NWRL_CONSORTIUM)175785 | |
| 655 | 0. | ‡aVideo recordings for the hearing impaired. ‡0(LARL_NWRL_CONSORTIUM)175744 | |
| 700 | 1 | . | ‡aMillar, Gavin. ‡0(LARL_NWRL_CONSORTIUM)184673 |
| 700 | 1 | . | ‡aKitchen, Michael, ‡d1948- ‡0(LARL_NWRL_CONSORTIUM)75850 |
| 700 | 1 | . | ‡aHowell, A. ‡q(Anthony) ‡0(LARL_NWRL_CONSORTIUM)99920 |
| 700 | 1 | . | ‡aWeeks, Honeysuckle, ‡d1979- ‡0(LARL_NWRL_CONSORTIUM)212005 |
| 901 | . | ‡a84927 ‡bOCLC ‡c84927 ‡tbiblio | |

Add to basket
Permalink
Disable Highlighting